Library Banner

Manual of financial institutions laws / (Record no. 122664)

MARC details
000 -LEADER
fixed length control field 00426nam a2200145 4500
005 - DATE AND TIME OF LATEST TRANSACTION
control field 20210619083224.0
008 - FIXED-LENGTH DATA ELEMENTS--GENERAL INFORMATION
fixed length control field 210619b ||||| |||| 00| 0 eng d
040 ## - CATALOGING SOURCE
Transcribing agency PK-LaUMT
082 ## - DEWEY DECIMAL CLASSIFICATION NUMBER
Classification number 346.0095491
Item number IRF-M
100 ## - MAIN ENTRY--PERSONAL NAME
Personal name Irfan ul Haq Ch., Muhammad
245 ## - TITLE STATEMENT
Title Manual of financial institutions laws /
Statement of responsibility, etc by Muhammad Irfan ul Haq Ch.
260 ## - PUBLICATION, DISTRIBUTION, ETC. (IMPRINT)
Place of publication, distribution, etc Lahore :
Name of publisher, distributor, etc Al Haq Law Book Centre,
Date of publication, distribution, etc 2021
300 ## - PHYSICAL DESCRIPTION
Extent 599 p.
942 ## - ADDED ENTRY ELEMENTS (KOHA)
Koha item type Books
Holdings
Withdrawn status Lost status Damaged status Home library Current library Date acquired Full call number Barcode Date last seen Price effective from Koha item type
      UMT Main Campus UMT Main Campus 2021-06-19 346.0095491 IRF-M 138023 2021-06-19 2021-06-19 Books